|
|
|
|
| LEADER |
00784nam a2200205Ia 4500 |
| 001 |
TDMU_3397 |
| 008 |
210410s9999 xx 000 0 und d |
| 082 |
|
|
|a 577.70285
|
| 090 |
|
|
|b N4994
|
| 100 |
|
|
|a Nguyễn, Tác An
|
| 245 |
|
0 |
|a Sử dụng hệ thống thông tin Gis trong quản lý tổng hợp vùng ven bờ
|
| 245 |
|
0 |
|c Nguyễn Tác An, Tống Phước Hoàng Sơn
|
| 260 |
|
|
|a Tp.HCM
|
| 260 |
|
|
|b Đại học quốc gia Tp.HCM
|
| 260 |
|
|
|c 2004
|
| 300 |
|
|
|a 174tr.
|
| 650 |
|
|
|a Hệ thông tin địa lý GIS; Sinh thái vùng ven
|
| 700 |
|
|
|a Tống, Phước Hoàng Sơn
|
| 856 |
|
|
|u http://lrc.tdmu.edu.vn/opac/search/detail.asp?aID=2&ID=3397
|
| 980 |
|
|
|a Trung tâm Học liệu Trường Đại học Thủ Dầu Một
|